| 000 | 01084nam a2200265Ia 4500 | ||
|---|---|---|---|
| 003 | OSt | ||
| 005 | 20220930095127.0 | ||
| 006 | a|||||r|||| 00| 0 | ||
| 007 | ta | ||
| 008 | 220926b |||||||| |||| 00| 0 pan d | ||
| 024 | _a71754 | ||
| 037 | _cTheses | ||
| 040 |
_aCRL _cCRL _bpan |
||
| 041 |
_2pan _apan |
||
| 100 | _aਸਿੰਘ, ਗਗਨਦੀਪ, ਂਚ. | ||
| 110 |
_aਦਿੱਲੀ ਯੂਨੀਵਰਸਿਟੀ.. ਆਰਟਸ ਖ਼ੈਕਲਟੀ... ਪੰਜਾਬੀ ਵਿਭਾਗ _9556957 |
||
| 245 | 0 | _aਬਹੁ-ਸਭਿਆਚਾਰਵਾਦ ਅਤੇ ਇੱਕੀਵੀ੍ਵ ਸਦੀ੍ਵ ਦੀ ਪਰਵਾਸੀ ਪੰਜਾਬੀ ਕਵਿਤਾ | |
| 260 | _c2020 | ||
| 300 |
_a313ਪ੍ਰ0 _ap. _ccm. |
||
| 650 | _a ਪੰਜਾਬੀ ਕਾਵਿ | ||
| 650 | _aਪੰਜਾਬੀ ਸਾਹਿਤ | ||
| 700 |
_aਦਿੱਲੀ ਯੂਨੀਵਰਸਿਟੀ.. ਆਰਟਸ ਖ਼ੈਕਲਟੀ... ਪੰਜਾਬੀ ਵਿਭਾਗ _9556958 |
||
| 942 |
_cDIS _2CC |
||
| 999 |
_c888371 _d888371 |
||